01409nam a2200241Ia 4500001000900000003001000009008004100019040002500060041001300085100001200098245007800110250001100188260006700199300001300266500026000279501011400539520026000653650004300913942000700956957000600963999004000969952015801009L103-595IT-CnALBA170116s9999||||xx |||||||||||||| ||und|| aIT-CnALBAcIT-CnALBA aITALIANO aAA. VV. 0aGRANDE ANTOLOGIA FILOSOFICA. VOL. XVIII. IL PENSIERO MODERNO(SECOLO XIX)  a1a ed. a MILANO - COMObMARZORATI CARLO EDITORE c1971 [1° Ed.: n.d.] a1388 p.  aDIREZIONE SCIACCA M. FEDERICO. COORDINAZIONE SCHIAVONE M. FILOSOFI E CORRENTI FILOSOFICHE SONO CORREDATI DI INTRODUZIONE E TESTI ESEMPLARI. SCHELLING G. FEDERICO. SCHLEIERMACHER F. HEGEL G. FRIEDRICH. LA DESTRA HEGELIANA. LA SINISTRA HEGELIANA. MARX ED EN aSocietà San Paolo EM - Piazza San Paolo, 14 - 12051 ALBA (CN) (non commercial uses only) ® Copyright 2017 aDIREZIONE SCIACCA M. FEDERICO. COORDINAZIONE SCHIAVONE M. FILOSOFI E CORRENTI FILOSOFICHE SONO CORREDATI DI INTRODUZIONE E TESTI ESEMPLARI. SCHELLING G. FEDERICO. SCHLEIERMACHER F. HEGEL G. FRIEDRICH. LA DESTRA HEGELIANA. LA SINISTRA HEGELIANA. MARX ED EN aDIZIONARI ED ENCICLOPEDIE DI FILOSOFIA cBK 71 a694bNOg Copie: 1 c259831d259831 0010406L_10359571aALBAbALBAd2017-01-16l0oL103-595r2017-01-16 00:00:00w2017-01-16yBKz(data import: 16 gennaio 2017) - By Epidotti, Vaglietti.